Name the Star Wars Character by Picture - Statistics

General Stats
  • This quiz has been taken 47 times
  • The average score is 28 of 32
Answer Stats
Picture Answer % Correct
Luke Skywalker
100%
R2-D2
100%
C-3PO
97%
Chewbacca
97%
Darth Vader
97%
Han Solo
97%
Obi-wan Kenobi
97%
Yoda
97%
Princess Leia Organa
94%
Rey
94%
Anakin Skywalker
91%
Boba Fett
91%
Darth Maul
91%
Emperor Palpatine
91%
Grogu
91%
Jabba the Hutt
91%
Jango Fett
91%
Jar Jar Binks
91%
BB-8
88%
Count Dooku
88%
Admiral Ackbar
85%
Finn
85%
Mace Windu
85%
Ahsoka Tano
82%
Padme Amidala
82%
Lando Calrissian
79%
Din Djarin
76%
Cassian Andor
70%
Grand Admiral Thrawn
64%
Hera Syndulla
64%
Chopper
61%
Mon Mothma
48%
No matching quizzes found
Score Distribution
Percent of People with Each Score
Percentile by Number Answered
Your Score History
You have not taken this quiz